[Event "Eforie Nord op"]
[Site "Eforie Nord"]
[Date "2002.??.??"]
[Round "11"]
[White "Smida, Josif"]
[Black "Pessi, Emil George"]
[Result "0-1"]
[WhiteElo "2181"]
[BlackElo "2260"]
[PlyCount "62"]
[EventDate "2002.??.??"]
[EventType "swiss"]
[EventRounds "11"]
[EventCountry "ROU"]
[SourceTitle "EXT 2003"]
[Source "ChessBase"]
[SourceDate "2002.11.25"]
[SourceVersion "1"]
[SourceVersionDate "2002.11.25"]
[SourceQuality "1"]

1. d4 e5 2. e3 Nc6 3. Nf3 e4 4. Nfd2 f5 5. a3 Nf6 6. c4 Be7 7. b4 d6 8. Bb2 0-0 9. g3 a6 10. Be2 Bd7 11. Nc3 Qe8 12. Qb3 Kh8 13. 0-0-0 Na7 14. Kb1 b5 15. Rc1 Be6 16. Qc2 c6 17. c5 a5 18. Nb3 axb4 19. axb4 Qf7 20. Na5 Nc8 21. Rcf1 Ra6 22. f3 dxc5 23. dxc5 Bxc5 24. Nxc6 Bxe3 25. Bc1 Bxc1 26. Rxc1 Rxc6 27. Bxb5 Rb6 28. fxe4 fxe4 29. Rhf1 Nd6 30. Be2 Rxb4+ 31. Ka1 Rfb8 0-1

[Event "ROM-ch sf"]
[Site "Baile Tusnad"]
[Date "2000.??.??"]
[Round "4"]
[White "Smida, Josif"]
[Black "Tudor, Alin Ciprian"]
[Result "0-1"]
[WhiteElo "2192"]
[BlackElo "2087"]
[PlyCount "94"]
[EventDate "2000.05.??"]
[EventType "swiss"]
[EventRounds "11"]
[EventCountry "ROU"]
[SourceTitle "EXT 2001"]
[Source "ChessBase"]
[SourceDate "2000.11.22"]
[SourceVersion "1"]
[SourceVersionDate "2000.11.22"]
[SourceQuality "1"]

1. d4 Nf6 2. Bg5 Ne4 3. Bh4 c5 4. f3 Nf6 5. Bxf6 exf6 6. d5 Qb6 7. Qc1 c4 8. Nd2 Bc5 9. Nh3 Qa5 10. e4 c3 11. bxc3 Qxc3 12. Rb1 0-0 13. Bd3 d6 14. Nf2 Re8 15. Nd1 Qa5 16. c3 Qxa2 17. Ra1 Qxd5 18. Qb1 Nc6 19. Be2 Qg5 20. g3 f5 21. f4 Qg6 22. Nb3 Bb6 23. Ra4 Rxe4 24. Rxe4 fxe4 25. Nf2 e3 26. Nd3 Bf5 27. Qd1 Be4 28. Rg1 a5 29. Nbc1 a4 30. h4 Ba5 31. Na2 Qe6 32. Nab4 Qb3 33. Qc1 Nxb4 34. Nxb4 Bxb4 35. cxb4 Qxb4+ 36. Kf1 Qb1 37. Qxb1 Bxb1 38. Kg2 Be4+ 39. Bf3 Bxf3+ 40. Kxf3 Re8 41. Ke2 f5 42. Rb1 a3 43. Ra1 Ra8 44. Kxe3 b5 45. Kd4 Ra4+ 46. Kd5 a2 47. h5 Kf7 0-1

[Event "Centrocoop Sept op"]
[Site "Eforie Nord"]
[Date "1999.09.??"]
[Round "?"]
[White "Smida, Josif"]
[Black "Geaman, Horia"]
[Result "0-1"]
[WhiteElo "2170"]
[BlackElo "1805"]
[PlyCount "92"]
[EventDate "1999.09.??"]
[EventType "swiss"]
[EventRounds "11"]
[EventCountry "ROU"]
[SourceTitle "EXT 2004"]
[Source "ChessBase"]
[SourceDate "2003.11.25"]
[SourceVersion "1"]
[SourceVersionDate "2003.11.25"]
[SourceQuality "1"]

1. d4 Nf6 2. Bg5 Ne4 3. Bh4 g5 4. f3 gxh4 5. fxe4 e5 6. Nf3 exd4 7. Qxd4 Rg8 8. c3 Nc6 9. Qf2 Be7 10. e3 d6 11. Bc4 Be6 12. Bb5 Kd7 13. Nbd2 a6 14. Ba4 Kc8 15. 0-0-0 b5 16. Bb3 Bf6 17. Nd4 Ne5 18. Kb1 Qe7 19. Nf5 Bxf5 20. exf5 c6 21. Rhe1 Kc7 22. h3 Nd3 23. Qf3 Rg3 24. Qe4 Nxe1 25. Rxe1 Re8 26. Bc2 Bg5 27. Qd4 c5 28. Qd5 Rxe3 29. Rxe3 Qxe3 30. Kc1 Qe1+ 31. Bd1 Qxd2+ 32. Qxd2 Bxd2+ 33. Kxd2 f6 34. Bf3 Re5 35. Bg4 d5 36. b3 h5 37. Bxh5 Rxf5 38. Bf3 Kd6 39. Ke3 Ke5 40. a3 d4+ 41. cxd4+ cxd4+ 42. Kd3 Rxf3+ 43. gxf3 Kf4 44. Kxd4 Kg3 45. Ke3 Kxh3 46. Kf2 f5 0-1

[Event "Centrocoop Sept op"]
[Site "Eforie Nord"]
[Date "1999.09.??"]
[Round "?"]
[White "Smida, Josif"]
[Black "Kassimski, Kirill"]
[Result "1-0"]
[WhiteElo "2180"]
[BlackElo "1650"]
[PlyCount "75"]
[EventDate "1999.09.??"]
[EventType "swiss"]
[EventRounds "11"]
[EventCountry "ROU"]
[SourceTitle "EXT 2004"]
[Source "ChessBase"]
[SourceDate "2003.11.25"]
[SourceVersion "1"]
[SourceVersionDate "2003.11.25"]
[SourceQuality "1"]

1. d4 Nf6 2. e3 g6 3. Bd3 Bg7 4. c3 0-0 5. Nd2 b6 6. Qe2 Bb7 7. f4 d6 8. Ngf3 Nbd7 9. 0-0 c5 10. e4 Re8 11. b3 Qc7 12. Bb2 e6 13. Rac1 Rac8 14. g3 Red8 15. h3 Rf8 16. Kh2 Ne8 17. e5 dxe5 18. dxe5 Qd8 19. c4 Nb8 20. Rcd1 Qe7 21. Ne4 Nc6 22. Nd6 Nxd6 23. exd6 Qxd6 24. Bxg6 Qe7 25. Bb1 Rcd8 26. Bxg7 Kxg7 27. Ne5 f5 28. Nxc6 Bxc6 29. Rxd8 Rxd8 30. Bxf5 Qf6 31. Bc2 Qc3 32. Rf2 Rf8 33. Qxe6 Rf6 34. Qe7+ Rf7 35. Qg5+ Kh8 36. Qd8+ Kg7 37. Qd3 Qe1 38. Rf1 1-0

[Event "Deva tt"]
[Site "Deva"]
[Date "1998.??.??"]
[Round "1"]
[White "Smida, Josif"]
[Black "Muntoiu, Emanoil"]
[Result "1-0"]
[WhiteElo "2215"]
[BlackElo "1775"]
[PlyCount "101"]
[EventDate "1998.07.??"]
[EventType "team-tourn"]
[EventRounds "9"]
[EventCountry "ROU"]
[SourceTitle "EXT 2004"]
[Source "ChessBase"]
[SourceDate "2003.11.25"]
[SourceVersion "1"]
[SourceVersionDate "2003.11.25"]
[SourceQuality "1"]

1. d4 f5 2. Nf3 e6 3. c3 Nf6 4. Bg5 Be7 5. Nbd2 d5 6. e3 Nbd7 7. Bd3 c6 8. Rc1 0-0 9. 0-0 Ne8 10. Bxe7 Qxe7 11. c4 g5 12. Qb3 g4 13. Ne5 Nxe5 14. dxe5 Qg7 15. Qc3 Bd7 16. f4 Qe7 17. Nb3 b6 18. Rfd1 dxc4 19. Bxc4 c5 20. Bf1 Bc6 21. Nd4 Bd5 22. Nb5 Rd8 23. Qa3 Rf7 24. Nc3 Ng7 25. Rd2 Qb7 26. Rcd1 Rfd7 27. Ba6 Qc7 28. Nb5 Qb8 29. Nd6 Bc6 30. b4 cxb4 31. Qxb4 b5 32. Qc5 Qb6 33. Qxb6 axb6 34. Rc1 Ra7 35. Rxc6 Rxa6 36. Rb2 b4 37. Rxb4 Rxa2 38. Rcxb6 h5 39. Rb8 Ra8 40. Rxd8+ Rxd8 41. Rc4 h4 42. Kf2 Rb8 43. Rc8+ Rxc8 44. Nxc8 Ne8 45. h3 g3+ 46. Kf3 Kg7 47. e4 Nc7 48. exf5 Kf7 49. Nd6+ Kg7 50. fxe6 Nxe6 51. Nf5+ 1-0

[Event "Centrocoop Sept op-A"]
[Site "Eforie Nord"]
[Date "1998.??.??"]
[Round "?"]
[White "Smida, Josif"]
[Black "Navrotescu, Catalin"]
[Result "0-1"]
[WhiteElo "2215"]
[BlackElo "2440"]
[PlyCount "96"]
[EventDate "1998.09.??"]
[EventType "swiss"]
[EventRounds "11"]
[EventCountry "ROU"]
[SourceTitle "EXT 2000"]
[Source "ChessBase"]
[SourceDate "1999.11.16"]
[SourceVersion "1"]
[SourceVersionDate "1999.11.16"]
[SourceQuality "1"]

1. d4 Nf6 2. Bg5 b6 3. e3 Bb7 4. Nd2 e6 5. Ngf3 Be7 6. Bxf6 Bxf6 7. Bd3 0-0 8. c3 c5 9. h4 Nc6 10. Bxh7+ Kxh7 11. Ng5+ Kh6 12. Nde4 g6 13. Qg4 Kg7 14. h5 Bxg5 15. Nxg5 Qf6 16. 0-0-0 cxd4 17. hxg6 Rh8 18. gxf7 Ne5 19. Qg3 Ng6 20. Rxh8 Rxh8 21. Rxd4 Rh1+ 22. Kc2 Bc6 23. Rg4 Rh6 24. f3 e5 25. b3 Bd5 26. f4 Bxf7 27. fxe5 Qxe5 28. Qf3 Bd5 29. e4 Be6 30. Rg3 Rh4 31. Qf2 Qf6 32. Qe3 Rf4 33. Nxe6+ dxe6 34. Kb2 Qe5 35. Qd3 Qxe4 36. Qd2 Qf5 37. Qd7+ Qf7 38. Qd6 Rf2+ 39. Ka3 Qf8 40. Qxf8+ Rxf8 41. Kb4 e5 42. a4 e4 43. Kc4 Kf6 44. Re3 Ke5 45. b4 Rc8+ 46. Kb3 Kf4 47. Re2 e3 48. c4 Ke4 0-1

[Event "Centrocoop op"]
[Site "Eforie Nord"]
[Date "1997.??.??"]
[Round "?"]
[White "Ianocichin, Nicolai"]
[Black "Smida, Josif"]
[Result "0-1"]
[WhiteElo "1700"]
[BlackElo "2235"]
[PlyCount "139"]
[EventDate "1997.??.??"]
[EventType "swiss"]
[EventRounds "11"]
[EventCountry "ROU"]
[SourceTitle "EXT 2010"]
[Source "ChessBase"]
[SourceDate "2010.11.25"]
[SourceVersion "1"]
[SourceVersionDate "2010.11.25"]
[SourceQuality "1"]

1. e4 d6 2. d4 Nf6 3. Nc3 c6 4. Nf3 Bg4 5. Be2 Nbd7 6. 0-0 e5 7. a4 Be7 8. d5 Nc5 9. Nd2 Bxe2 10. Qxe2 0-0 11. b4 Ncd7 12. Nb3 Qc8 13. Bd2 cxd5 14. exd5 Nb6 15. Rfd1 Qc4 16. Qxc4 Nxc4 17. Be1 Rac8 18. a5 Nd7 19. Ra2 a6 20. Nd2 f5 21. Ncb1 Bf6 22. Nxc4 Rxc4 23. Na3 Rc7 24. c4 e4 25. Rc2 Be5 26. Bc3 Rfc8 27. Rdc1 Bxc3 28. Rxc3 b6 29. axb6 Nxb6 30. R3c2 Kf7 31. Kf1 Nd7 32. b5 a5 33. b6 Nxb6 34. Nb5 Rd7 35. Nd4 g6 36. Nc6 Kf6 37. Nxa5 Ra7 38. Nc6 Ra4 39. c5 dxc5 40. Rxc5 Nd7 41. Rb5 Ra2 42. Rb7 Ne5 43. Rb6 Kg5 44. Rcb1 Nc4 45. Rb8 Rxb8 46. Rxb8 f4 47. Nd4 Kh6 48. Rb4 Ne5 49. Rb6 f3 50. gxf3 exf3 51. Ke1 Nd3+ 52. Kd1 Nxf2+ 53. Kc1 Nd3+ 54. Kb1 f2 55. Rf6 Rb2+ 56. Ka1 Rd2 57. d6 Rd1+ 58. Ka2 f1Q 59. Rxf1 Rxf1 60. d7 Rf8 61. Ne6 Ra8+ 62. Kb1 Ne5 63. d8Q Rxd8 64. Nxd8 Nf3 65. h3 Ng5 66. h4 Nf3 67. Nf7+ Kh5 68. Kc2 Kxh4 69. Kd3 h5 70. Ke3 0-1